000 00600nam a22002297a 4500
999 _c335463
_d335463
001 49359
003 UA-OsUOA
005 20200217161941.0
007 ta
008 20071002b un ||||| |||| 00| 0 ukr d
040 _aUA-OsUOA
_bukr
_cUA-OsUOA
_dUA-OsUOA
041 _aukr
080 _a821.161.2
090 _a821.161.2
_bЯ22
100 _aЯворівський В.
245 _aІ засурмив янгол...
260 _aК.
_bГлобус
_c1993
300 _a333 с.
650 7 _a82 Література. Літературознавство
_2UDC
942 _cBK
_2udc
955 _a3